[Event "Hamburg-ch Seniors 23rd"]
[Site "Hamburg"]
[Date "2016.11.02"]
[Round "1"]
[White "Roepke, Karl Peter"]
[Black "Voss, Werner"]
[Result "1-0"]
[WhiteElo "1469"]
[BlackElo "1833"]
[PlyCount "55"]
[EventDate "2016.11.02"]
[EventType "swiss"]
[EventRounds "9"]
[EventCountry "GER"]
[SourceTitle "EXT 2019"]
[Source "ChessBase"]
[SourceDate "2018.10.10"]
[SourceVersion "1"]
[SourceVersionDate "2018.10.10"]
[SourceQuality "1"]

1. e4 e5 2. Nf3 Nc6 3. Bb5 a6 4. Ba4 Nf6 5. Bxc6 dxc6 6. Nc3 Bg4 7. d3 Qd6 8. h3 Bh5 9. 0-0 0-0-0 10. Be3 h6 11. g4 Bg6 12. Nh4 Bh7 13. Qd2 Nxe4 14. Nxe4 Bxe4 15. Rad1 Bh7 16. f4 Qe7 17. Ng2 e4 18. Qc3 exd3 19. cxd3 Qb4 20. d4 Be4 21. f5 Qb5 22. a3 Be7 23. Rfe1 Bf3 24. Rd2 Bg5 25. Bxg5 Bxg2 26. Bxd8 Bd5 27. Be7 Re8 28. Kf2 1-0

[Event "Hamburg-ch Seniors 21st"]
[Site "Hamburg"]
[Date "2014.10.29"]
[Round "2"]
[White "Voss, Werner"]
[Black "Schulz, Wolfgang"]
[Result "1-0"]
[WhiteElo "1720"]
[BlackElo "1957"]
[PlyCount "97"]
[EventDate "2014.10.29"]
[EventType "swiss"]
[EventRounds "9"]
[EventCountry "GER"]
[SourceTitle "EXT 2018"]
[Source "ChessBase"]
[SourceDate "2017.10.13"]
[SourceVersion "1"]
[SourceVersionDate "2017.10.13"]
[SourceQuality "1"]

1. e4 g6 2. d4 Bg7 3. Nf3 d6 4. Be2 Nf6 5. Nbd2 Nbd7 6. 0-0 0-0 7. Re1 e5 8. c3 Re8 9. Bc4 h6 10. Qb3 Rf8 11. Nh4 Nb6 12. Bd3 Be6 13. Qd1 Nh5 14. Ndf3 Kh7 15. Be3 Bf6 16. g3 Bg4 17. Be2 Qe7 18. d5 Bg7 19. Kg2 Qd7 20. Ng1 Bxe2 21. Qxe2 Qe8 22. Nh3 f5 23. g4 Qe7 24. Nxg6 Kxg6 25. gxf5+ Kh7 26. Qxh5 Qe8 27. Ng5+ Kg8 28. Qxe8 Raxe8 29. Ne6 Rf7 30. b3 Kh7 31. Kh3 c6 32. c4 cxd5 33. Bxb6 axb6 34. cxd5 Rc8 35. Rac1 Ra8 36. Rc2 b5 37. Rg1 Bf6 38. Rg2 Bh8 39. f3 Bf6 40. Nc7 Ra5 41. Ne6 Ra8 42. Rc3 Ra5 43. Rgc2 h5 44. Rc7 Rxc7 45. Rxc7+ Kh6 46. Rc2 Bg5 47. Rg2 Be3 48. f6 Kh7 49. f7 1-0

[Event "Hamburg Seniors-ch 20th"]
[Site "Hamburg"]
[Date "2013.11.04"]
[Round "6"]
[White "Hotze, Kurt"]
[Black "Voss, Werner"]
[Result "1/2-1/2"]
[WhiteElo "1567"]
[BlackElo "1703"]
[PlyCount "34"]
[EventDate "2013.10.30"]
[EventType "swiss"]
[EventRounds "9"]
[EventCountry "GER"]
[SourceTitle "EXT 2015"]
[Source "ChessBase"]
[SourceDate "2014.11.20"]
[SourceVersion "1"]
[SourceVersionDate "2014.11.20"]
[SourceQuality "1"]

1. Nf3 Nf6 2. g3 d5 3. Bg2 c6 4. c4 g6 5. Qc2 Bg7 6. d4 0-0 7. 0-0 Bf5 8. Qd1 Ne4 9. Nh4 dxc4 10. Nxf5 gxf5 11. e3 e6 12. Qc2 Nd6 13. Nd2 Nd7 14. Nxc4 Nxc4 15. Qxc4 Nb6 16. Qe2 Qf6 17. f4 Rad8 1/2-1/2

[Event "Hamburg Seniors op 19th"]
[Site "Hamburg"]
[Date "2012.10.26"]
[Round "3"]
[White "Hotze, Kurt"]
[Black "Voss, Werner"]
[Result "1-0"]
[WhiteElo "1612"]
[BlackElo "1694"]
[PlyCount "73"]
[EventDate "2012.10.24"]
[EventType "swiss"]
[EventRounds "9"]
[EventCountry "GER"]
[SourceTitle "EXT 2015"]
[Source "ChessBase"]
[SourceDate "2014.11.20"]
[SourceVersion "1"]
[SourceVersionDate "2014.11.20"]
[SourceQuality "1"]

1. e4 e5 2. Nf3 Nc6 3. Bb5 a6 4. Ba4 Nf6 5. 0-0 d6 6. Re1 b5 7. Bb3 Be7 8. d4 exd4 9. Nxd4 Nxd4 10. Qxd4 c5 11. Qd3 c4 12. Bxc4 bxc4 13. Qxc4 0-0 14. Nc3 Be6 15. Qd3 Qd7 16. Bg5 h6 17. Bd2 Rfe8 18. h3 Qc6 19. Rad1 Bf8 20. b3 Rac8 21. Rc1 Kh8 22. Na4 Bd7 23. Nc3 Be6 24. Na4 d5 25. exd5 Bxd5 26. Rxe8 Rxe8 27. f3 Nh5 28. c4 Bc5+ 29. Nxc5 Qxc5+ 30. Kh2 Qc7+ 31. Kg1 Qc5+ 32. Kh2 Qc7+ 33. Kg1 Bb7 34. Qc3 Qc5+ 35. Kh2 Qf2 36. Be1 Rxe1 37. Qxe1 1-0

[Event "Hamburg-ch Seniors 18th"]
[Site "Hamburg"]
[Date "2011.11.04"]
[Round "7"]
[White "Voss, Werner"]
[Black "Dangelowski, Peter"]
[Result "0-1"]
[WhiteElo "1870"]
[BlackElo "1769"]
[PlyCount "98"]
[EventDate "2011.10.29"]
[EventType "swiss"]
[EventRounds "9"]
[EventCountry "GER"]
[SourceTitle "EXT 2015"]
[Source "ChessBase"]
[SourceDate "2014.11.20"]
[SourceVersion "1"]
[SourceVersionDate "2014.11.20"]
[SourceQuality "1"]

1. e4 c5 2. Nc3 Nc6 3. g3 d6 4. Bg2 e6 5. Nge2 Nge7 6. Nf4 g6 7. 0-0 Bg7 8. Re1 0-0 9. d3 Qb6 10. Nfe2 Nd4 11. Nxd4 Bxd4 12. Ne2 Bg7 13. c3 e5 14. Kh1 Be6 15. c4 Qc7 16. Be3 Rab8 17. Qd2 Qd7 18. Nc3 Nc6 19. Rf1 Bh3 20. f3 Bxg2+ 21. Kxg2 f5 22. Rg1 Rf7 23. Raf1 Rbf8 24. Nd5 Ne7 25. Nxe7+ Qxe7 26. Bh6 f4 27. Bxg7 Kxg7 28. g4 h5 29. Kh1 Rh8 30. gxh5 Rxh5 31. Qg2 Rh6 32. Qg5 Qxg5 33. Rxg5 Kf6 34. Rg2 Rfh7 35. Rff2 g5 36. Kg1 Rh3 37. Rg4 R7h5 38. Rgg2 R5h4 39. b3 g4 40. fxg4 Kg5 41. Rd2 Re3 42. Rb2 Rxd3 43. b4 b6 44. Rbd2 Rd4 45. a3 Rxg4 46. h3 Rxg2+ 47. Rxg2+ Kh4 48. Rg7 cxb4 49. axb4 Rxc4 0-1

[Event "Hamburg-ch Seniors op 15th"]
[Site "Hamburg"]
[Date "2008.11.04"]
[Round "9"]
[White "Voss, Werner"]
[Black "Dangelowski, Peter"]
[Result "0-1"]
[WhiteElo "1725"]
[BlackElo "1788"]
[PlyCount "86"]
[EventDate "2008.10.27"]
[EventType "swiss"]
[EventRounds "9"]
[EventCountry "GER"]
[SourceTitle "EXT 2022"]
[Source "ChessBase"]
[SourceDate "2021.10.06"]
[SourceVersion "1"]
[SourceVersionDate "2021.10.06"]
[SourceQuality "1"]

1. d4 d5 2. c4 e6 3. e3 Nf6 4. Nc3 c6 5. Nf3 Nbd7 6. b3 Bb4 7. Bd2 0-0 8. Bd3 Re8 9. a3 Bd6 10. cxd5 exd5 11. Qc2 h6 12. 0-0 Qe7 13. e4 dxe4 14. Nxe4 Nxe4 15. Rae1 f5 16. g4 Ndf6 17. gxf5 Bxf5 18. Ne5 Bxe5 19. dxe5 Qxe5 20. f3 Qd6 21. fxe4 Nxe4 22. Qc4+ Kh8 23. Bxe4 Bxe4 24. Bf4 Qg6+ 25. Bg3 Bd5 26. Qc3 h5 27. Qb4 Qc2 28. Bf2 a5 29. Qh4 Qg6+ 30. Bg3 Bxb3 31. Rb1 Bd5 32. Rbe1 Re4 33. Rxe4 Bxe4 34. Rf4 Bf5 35. Qe7 b5 36. Kf2 Re8 37. Qc5 Bg4 38. Qc1 Re2+ 39. Kg1 Rc2 40. Qe1 Rb2 41. Rf1 Be2 42. Rf8+ Kh7 43. Kf2 Bc4+ 0-1

[Event "Hamburg-ch Seniors op 13th"]
[Site "Hamburg"]
[Date "2006.11.02"]
[Round "7"]
[White "Voss, Werner"]
[Black "Raedisch, Peter"]
[Result "1-0"]
[WhiteElo "1779"]
[BlackElo "1683"]
[PlyCount "73"]
[EventDate "2006.10.27"]
[EventType "swiss"]
[EventRounds "9"]
[EventCountry "GER"]
[SourceTitle "EXT 2022"]
[Source "ChessBase"]
[SourceDate "2021.10.06"]
[SourceVersion "1"]
[SourceVersionDate "2021.10.06"]
[SourceQuality "1"]

1. e4 e5 2. Nf3 Nc6 3. Bb5 Bc5 4. c3 Qe7 5. 0-0 a6 6. Bxc6 dxc6 7. Nxe5 Bxf2+ 8. Rxf2 Qxe5 9. d4 Qe7 10. Qf3 Bd7 11. Bf4 0-0-0 12. Nd2 f6 13. Nb3 h5 14. Qd3 Be6 15. Rd2 Bxb3 16. axb3 g5 17. Be3 Nh6 18. h3 Rhe8 19. Rf1 Qxe4 20. Qxe4 Rxe4 21. Rxf6 Rxe3 22. Rxh6 h4 23. Rg6 Rf8 24. g4 Rxh3 25. Rxg5 Rg3+ 26. Rg2 Rgf3 27. Re2 R8f7 28. Rg8+ Kd7 29. g5 Rf8 30. Rxf8 Rxf8 31. Kg2 Rf4 32. Kh3 Kd6 33. g6 Rf6 34. g7 Rf3+ 35. Kh2 Rg3 36. Rg2 Ke7 37. g8Q 1-0

[Event "Hamburg-ch Seniors op 13th"]
[Site "Hamburg"]
[Date "2006.11.01"]
[Round "6"]
[White "Ristic, Sreten"]
[Black "Voss, Werner"]
[Result "1/2-1/2"]
[WhiteElo "1845"]
[BlackElo "1779"]
[PlyCount "119"]
[EventDate "2006.10.27"]
[EventType "swiss"]
[EventRounds "9"]
[EventCountry "GER"]
[SourceTitle "EXT 2022"]
[Source "ChessBase"]
[SourceDate "2021.10.06"]
[SourceVersion "1"]
[SourceVersionDate "2021.10.06"]
[SourceQuality "1"]

1. c4 e5 2. d3 Nf6 3. g3 d5 4. b3 dxc4 5. bxc4 Qd4 6. Nc3 Qxc3+ 7. Bd2 Qd4 8. Nf3 Qd6 9. a3 c5 10. Bg2 Nc6 11. Qa4 Bd7 12. Qd1 Rb8 13. 0-0 g6 14. Rb1 Bg7 15. h3 0-0 16. Ne1 Nh5 17. e3 f5 18. Qb3 Kh8 19. Nc2 Nf6 20. Rfd1 Qe7 21. a4 Rfd8 22. a5 Be8 23. Qa3 Bf8 24. Rb3 e4 25. Be1 Bf7 26. Qa4 Ne5 27. d4 Nxc4 28. Rbb1 Qc7 29. Bc3 Bg7 30. Bf1 Nd6 31. dxc5 Nde8 32. Bd4 Nd5 33. a6 bxa6 34. Rxb8 Rxb8 35. Bxa6 Ne7 36. Bb5 Nf6 37. Nb4 Rd8 38. Ra1 Nfd5 39. Nxd5 Nxd5 40. Qxa7 Qxa7 41. Rxa7 Bxd4 42. exd4 Be6 43. Ba6 Nb4 44. Re7 Ba2 45. Bb5 Bd5 46. Bd7 Nc6 47. Bxc6 Bxc6 48. Rc7 Ba4 49. Kf1 Rxd4 50. Ke2 Rd7 51. Rc8+ Kg7 52. Ke3 Kf6 53. Rf8+ Kg7 54. Rc8 Rd3+ 55. Kf4 Kf6 56. Rf8+ Kg7 57. Ra8 Bb5 58. Rb8 Bd7 59. Ke5 Rf3 60. Rb7 1/2-1/2

[Event "Hamburg Robinow op"]
[Site "Hamburg"]
[Date "2005.10.05"]
[Round "5"]
[White "Voss, Werner"]
[Black "Klimanek, Rainer"]
[Result "1-0"]
[WhiteElo "1728"]
[BlackElo "1538"]
[PlyCount "57"]
[EventDate "2005.10.01"]
[EventType "swiss"]
[EventRounds "9"]
[EventCountry "GER"]
[SourceTitle "CBM 108 Extra"]
[Source "ChessBase"]
[SourceDate "2005.11.04"]
[SourceVersion "1"]
[SourceVersionDate "2005.11.04"]
[SourceQuality "1"]

1. e4 Nc6 2. d4 d5 3. exd5 Qxd5 4. Be3 e5 5. Nc3 Bb4 6. a3 Bxc3+ 7. bxc3 e4 8. c4 Qd6 9. c3 Nf6 10. h3 Bf5 11. Ne2 0-0 12. Bf4 Qe7 13. Ng3 Bg6 14. Be2 Rad8 15. Qa4 e3 16. Bxe3 Ne4 17. Nxe4 Qxe4 18. 0-0 f5 19. Bf3 Qe8 20. Bg5 Nxd4 21. Qd1 Nxf3+ 22. Qxf3 Rb8 23. Rfe1 Qf7 24. Qd5 c6 25. Qd4 b5 26. Re7 Rfd8 27. Qxa7 Qxc4 28. Rxg7+ Kh8 29. Rxh7+ 1-0

[Event "Hamburg Robinow op"]
[Site "Hamburg"]
[Date "2005.10.03"]
[Round "3"]
[White "Voss, Werner"]
[Black "Lohrie, Matthias"]
[Result "1/2-1/2"]
[WhiteElo "1728"]
[BlackElo "1603"]
[PlyCount "55"]
[EventDate "2005.10.01"]
[EventType "swiss"]
[EventRounds "9"]
[EventCountry "GER"]
[SourceTitle "CBM 108 Extra"]
[Source "ChessBase"]
[SourceDate "2005.11.04"]
[SourceVersion "1"]
[SourceVersionDate "2005.11.04"]
[SourceQuality "1"]

1. e4 e5 2. Nf3 Nc6 3. d4 exd4 4. Bc4 Nf6 5. e5 d5 6. Bb5 Ne4 7. Nxd4 Bd7 8. Bxc6 bxc6 9. 0-0 Be7 10. f3 Nc5 11. Nc3 0-0 12. Re1 Qc8 13. Be3 Qb7 14. Rb1 Rae8 15. Qd2 f6 16. exf6 Bxf6 17. b4 Ne6 18. Nxe6 Bxe6 19. Bc5 Rf7 20. Qe3 a6 21. Re2 Rd7 22. Bd4 Bf7 23. Qf2 Bxd4 24. Rxe8+ Bxe8 25. Qxd4 Re7 26. Kf1 Bg6 27. Qc5 Kf7 28. Rc1 1/2-1/2

[Event "Wichern op 5th"]
[Site "Hamburg"]
[Date "1999.10.22"]
[Round "9"]
[White "Schoengart, Ralf"]
[Black "Voss, Werner"]
[Result "1-0"]
[WhiteElo "2092"]
[BlackElo "1898"]
[PlyCount "77"]
[EventDate "1999.10.15"]
[EventType "swiss"]
[EventRounds "9"]
[EventCountry "GER"]
[SourceTitle "EXT 2001"]
[Source "ChessBase"]
[SourceDate "2000.11.22"]
[SourceVersion "1"]
[SourceVersionDate "2000.11.22"]
[SourceQuality "1"]

1. d4 d5 2. c4 e6 3. Nc3 c6 4. e3 Nf6 5. Nf3 Nbd7 6. Qc2 Bd6 7. Bd3 e5 8. cxd5 cxd5 9. dxe5 Nxe5 10. Bb5+ Bd7 11. Nd4 Bb4 12. 0-0 0-0 13. Bd2 a6 14. Be2 Qe7 15. Rfd1 Rfd8 16. Qb3 Rac8 17. Nxd5 Nxd5 18. Qxd5 Bxd2 19. Rxd2 Bc6 20. Qa5 Qg5 21. Nxc6 Rxd2 22. Qxd2 Nxc6 23. Qd7 Rb8 24. Rd1 g6 25. Qc7 Qa5 26. Qxa5 Nxa5 27. Rd5 Nc6 28. Rd7 b5 29. h4 Kf8 30. Rc7 Ne5 31. b3 Ke8 32. f4 Nd7 33. Bf3 Kd8 34. Ra7 Rb6 35. b4 Kc8 36. Kf2 Rd6 37. Ke2 f5 38. Bb7+ Kb8 39. Rxa6 1-0

[Event "Wichern op 5th"]
[Site "Hamburg"]
[Date "1999.10.20"]
[Round "7"]
[White "Voss, Werner"]
[Black "Mink, Hiltrud"]
[Result "1-0"]
[WhiteElo "1898"]
[BlackElo "1733"]
[PlyCount "85"]
[EventDate "1999.10.15"]
[EventType "swiss"]
[EventRounds "9"]
[EventCountry "GER"]
[SourceTitle "EXT 2001"]
[Source "ChessBase"]
[SourceDate "2000.11.22"]
[SourceVersion "1"]
[SourceVersionDate "2000.11.22"]
[SourceQuality "1"]

1. e4 d6 2. d4 Nf6 3. Nc3 g6 4. f4 Bg7 5. Nf3 0-0 6. Bc4 c6 7. e5 dxe5 8. fxe5 Nd5 9. Ne4 h6 10. 0-0 Nd7 11. c3 f6 12. Nh4 Kh7 13. Qc2 f5 14. Ng3 Nxe5 15. dxe5 Qb6+ 16. Kh1 Bxe5 17. Nf3 Bxg3 18. hxg3 Qc7 19. Bxd5 cxd5 20. Bf4 Qc4 21. Rfe1 Re8 22. Ne5 Qc5 23. b4 Qb6 24. Be3 Qc7 25. Bf4 Qb6 26. a4 a5 27. b5 Kg7 28. Be3 Qd8 29. Bd4 Kh7 30. Qd2 Rf8 31. Qe3 e6 32. Nf3 Bd7 33. Kg1 Rc8 34. Kf2 Qe7 35. Rh1 h5 36. Rh4 Rc4 37. Rah1 Qa3 38. Rxh5+ gxh5 39. Rxh5+ Kg8 40. Qg5+ Kf7 41. Ne5+ Ke8 42. Bb6 Rg4 43. Qd8# 1-0

[Event "Wichern op 5th"]
[Site "Hamburg"]
[Date "1999.10.18"]
[Round "5.97"]
[White "Fairbairn, Stephen"]
[Black "Voss, Werner"]
[Result "1/2-1/2"]
[WhiteElo "2166"]
[BlackElo "1898"]
[PlyCount "28"]
[EventDate "1999.10.15"]
[EventType "swiss"]
[EventRounds "9"]
[EventCountry "GER"]
[SourceTitle "EXT 2001"]
[Source "ChessBase"]
[SourceDate "2000.11.22"]
[SourceVersion "1"]
[SourceVersionDate "2000.11.22"]
[SourceQuality "1"]

1. e4 e5 2. Nf3 Nf6 3. Nxe5 d6 4. Nf3 Nxe4 5. d4 d5 6. Bd3 Be7 7. 0-0 Nc6 8. Re1 Bf5 9. Bf4 0-0 10. c3 Re8 11. Qc2 Bf6 12. Nbd2 Nxd2 13. Qxd2 Be4 14. Bg5 h6 1/2-1/2

[Event "Wichern op 5th"]
[Site "Hamburg"]
[Date "1999.10.17"]
[Round "4"]
[White "Voss, Werner"]
[Black "Kuelper, Thomas"]
[Result "1-0"]
[WhiteElo "1898"]
[BlackElo "1708"]
[PlyCount "75"]
[EventDate "1999.10.15"]
[EventType "swiss"]
[EventRounds "9"]
[EventCountry "GER"]
[SourceTitle "EXT 2001"]
[Source "ChessBase"]
[SourceDate "2000.11.22"]
[SourceVersion "1"]
[SourceVersionDate "2000.11.22"]
[SourceQuality "1"]

1. e4 e6 2. d3 d5 3. Nd2 dxe4 4. dxe4 Nf6 5. Ngf3 Be7 6. Bc4 0-0 7. 0-0 b6 8. c3 Ba6 9. Qe2 Bxc4 10. Qxc4 c5 11. Re1 Nc6 12. Nf1 e5 13. Bg5 Ng4 14. Rad1 Qc7 15. h3 Bxg5 16. Nxg5 Nf6 17. Ne3 h6 18. Nf3 Rad8 19. Nd5 Nxd5 20. exd5 Na5 21. Qe4 f6 22. Nh4 Nb7 23. Nf5 Nd6 24. Nxd6 Rxd6 25. c4 a6 26. f4 Re8 27. g4 Rd7 28. Rd2 Qd6 29. Rde2 Rde7 30. f5 Rd8 31. h4 Kf8 32. Rg2 Rf7 33. Re3 Ke7 34. g5 hxg5 35. hxg5 Kd7 36. Qc2 Ke7 37. Qe2 Qd7 38. g6 1-0